Flags of Countries That Bordered the USSR - Statistics

General Stats
  • This quiz has been taken 1,027 times
  • The average score is 11 of 12
Answer Stats
Picture Answer % Correct
Finland
100%
Norway
100%
Poland
100%
China
95%
North Korea
95%
Turkey
95%
Romania
94%
Hungary
93%
Iran
93%
Mongolia
91%
Czechoslovakia
80%
Afghanistan
66%
No matching quizzes found
Score Distribution
Percent of People with Each Score
Percentile by Number Answered
Your Score History
You have not taken this quiz